000 00280nam a2200109Ia 4500
008 190216s9999||||xx |||||||||||||| ||und||
100 _aSharma G C &madhu Jain
245 0 _aUnified Mathematics
260 _bGalgotia Publication Pvt Ltf
_c2001
300 _a1062p
942 _cREF
999 _c36649
_d36649